| 000 | 00587nam a2200205Ia 4500 | ||
|---|---|---|---|
| 001 | 5164 | ||
| 003 | GE_BSU | ||
| 008 | 181216s||||||||xx |||||||||||||| ||und|| | ||
| 040 | _cGE_BSU | ||
| 080 | _a512 | ||
| 100 | _aСоминская И.С.Головина Л.И.,Яглом И.М. | ||
| 245 | _aO математической индукции. | ||
| 245 | _cРед. А.П. Баева, Ю.А. астев | ||
| 260 | _aмосква | ||
| 260 | _bНаука , | ||
| 260 | _c1967. | ||
| 300 | _a142 с. | ||
| 653 | _aO математической индукции. | ||
| 942 | _cBK | ||
| 999 |
_c38801 _d38801 |
||